000 00519nam a2200193Ia 4500
005 20230810101936.0
008 131103s9999 xx 000 0 und d
040 _aLoreto College
041 _aEnglish
082 _a910
_bBRO
100 _aBroek,Jan O.M.
245 _aCompass of geography
_cJan O.M.Broek
260 _aOhio
_bCharles E.Merrill Book
_c1966
300 _avi,82 p.
_b illus.,maps
504 _aIncludes bibliographical references and index
650 _aGeography
850 _aLCLIB
942 _cBK
999 _c22868
_d73347